Curso Relación suelo agua planta
Salvato in:
| Autore principale: | |
|---|---|
| Natura: | Libro |
| Lingua: | spagnolo |
| Pubblicazione: |
Valparaíso
Ediciones Universitarias de Valparaíso
2001
|
| Edizione: | 1a. ed |
| Serie: | Ciencias Naturales
|
| Soggetti: | |
| Tags: |
Aggiungi Tag
Nessun Tag, puoi essere il primo ad aggiungerne!!
|
MARC
| LEADER | 00000nam a2200000 a 4500 | ||
|---|---|---|---|
| 001 | UCJ8559 | ||
| 003 | CL-VaPUC | ||
| 008 | 070124e20011215CL |||||||||||||||||spa|d | ||
| 082 | 0 | 4 | |a 630 |b SAL |2 21 |
| 100 | |a Salgado Varas, Eduardo Antonio |e autor |9 517375 | ||
| 245 | 1 | 0 | |a Curso Relación suelo agua planta |
| 250 | |a 1a. ed | ||
| 300 | |a 181 p | ||
| 942 | |c BK | ||
| 945 | |d 20070124 00:00:00 |a rinostro | ||
| 260 | |a Valparaíso |b Ediciones Universitarias de Valparaíso |c 2001 | ||
| 650 | 0 | |a Académicos |x Pontificia Universidad Católica de Valparaíso (PUCV) |9 255553 | |
| 650 | 0 | |a Agricultura |9 255598 | |
| 650 | 0 | |a Riego |9 259685 | |
| 650 | 0 | |a Agua |9 257149 | |
| 583 | |a last modification |c 20070124 00:00:00 |k Rodrigo Vera | ||
| 490 | 0 | |a Ciencias Naturales | |
| 999 | |c 324231 |d 324229 | ||
| 952 | |0 0 |1 0 |4 0 |6 630_000000000000000_SAL_2001 |7 0 |8 X |9 404201 |a FDOBUD |b FDOBUD |d 2019-11-22 |i 1079581 |o 630 SAL 2001 |p 1079581 |r 2019-11-22 |w 2019-11-22 |y BK_X |k BUD | ||